000 00708 a2200253 4500
005 20250723150536.0
008 250723b |||||||| |||| 00| 0 eng d
020 _a9782917074275
041 _aFr
044 _aCIV
090 _bDG/N/3076
100 _aAKANVOU, Louise
100 _aBOKA, Atte Archange
100 _aSORO, Tieregniman
110 _aCentre National de Recherche Agronomique
_bCt̥e d'Ivoire
110 _bCote d'Ivoire
_aCentre National de Recherche Agronomique
245 _aRepertoire des varietes ameliorees de cultures arboricoles et industrielles
250 _aEdition 2025
260 _aAbidjan
260 _bCNRA
260 _c2025
302 _a p.
650 _2AGROVOC
999 _c5946
_d5946